[Event "EU-Cup 29th"]
[Site "Rhodes"]
[Date "2013.10.24"]
[Round "5.1"]
[White "Sutovsky, Emil"]
[Black "Grischuk, Alexander"]
[Result "1/2-1/2"]
[WhiteElo "2657"]
[BlackElo "2786"]
[PlyCount "87"]
[EventDate "2013.10.20"]
[EventType "team-swiss"]
[EventRounds "7"]
[EventCountry "GRE"]
[SourceTitle "CBM 157"]
[Source "ChessBase"]
[SourceDate "2013.11.12"]
[SourceVersion "1"]
[SourceVersionDate "2013.11.12"]
[SourceQuality "1"]
[WhiteTeam "Odlar Yurdu"]
[BlackTeam "Malachite Sverdlovsk Region"]
[WhiteTeamCountry "AZE"]
[BlackTeamCountry "RUS"]

1. e4 c6 2. d4 d5 3. Nd2 dxe4 4. Nxe4 Bf5 5. Ng3 Bg6 6. Nf3 Nd7 7. Bd3 Ngf6 8.
O-O e6 9. Bxg6 hxg6 10. Bf4 c5 11. c4 cxd4 12. Nxd4 a6 13. Qf3 Qb6 14. Nb3 Rc8
15. Rfd1 Qc6 16. Qxc6 Rxc6 17. Na5 Rb6 18. Nb3 Rc6 19. Na5 Rb6 20. Nb3 Rb4 21.
Rac1 Ra4 22. a3 Be7 23. Nf1 O-O 24. Bd6 Bxd6 25. Rxd6 Rc8 26. Ne3 Kf8 27. Rcd1
Ke7 28. f4 b5 29. cxb5 axb5 30. g3 Rc7 31. Kg2 Ne4 32. R6d3 Ra6 33. Rd4 Nd6 34.
Re1 Nb6 35. Re2 Ra4 36. Nd5+ Nxd5 37. Rxd5 Rac4 38. Nd4 Rb7 39. Nb3 Rbc7 40.
Nd4 Rc8 41. b3 Rc1 42. Rde5 R8c3 43. b4 Rxa3 44. Nxb5 1/2-1/2

[Event "EU-Cup 29th"]
[Site "Rhodes"]
[Date "2013.10.25"]
[Round "6.1"]
[White "Grischuk, Alexander"]
[Black "Sumets, Andrey"]
[Result "1/2-1/2"]
[WhiteElo "2786"]
[BlackElo "2598"]
[PlyCount "80"]
[EventDate "2013.10.20"]
[EventType "team-swiss"]
[EventRounds "7"]
[EventCountry "GRE"]
[SourceTitle "CBM 157"]
[Source "ChessBase"]
[SourceDate "2013.11.12"]
[SourceVersion "1"]
[SourceVersionDate "2013.11.12"]
[SourceQuality "1"]
[WhiteTeam "Malachite Sverdlovsk Region"]
[BlackTeam "Wirtzfeld"]
[WhiteTeamCountry "RUS"]
[BlackTeamCountry "BEL"]

1. e4 c6 2. d4 d5 3. e5 Bf5 4. Nf3 e6 5. Be2 c5 6. Be3 cxd4 7. Nxd4 Ne7 8. O-O
Nbc6 9. Bb5 Bg6 10. c4 a6 11. Bxc6+ Nxc6 12. Qa4 Qd7 13. cxd5 Nxe5 14. Nc3 Qxa4
15. Nxa4 Bd6 16. dxe6 O-O 17. Rad1 Rae8 18. Nf5 Bxf5 19. Rxd6 Rxe6 20. Rxe6
Bxe6 21. b3 Nd7 22. Rc1 Bd5 23. Nc3 Bc6 24. Ne2 Nf6 25. Nd4 Bd7 26. Rc7 Bc8 27.
Bg5 Nd5 28. Rc5 Nb6 29. f3 f6 30. Be3 Rd8 31. Kf2 Nd5 32. a3 Kf7 33. h4 h5 34.
b4 b6 35. Rc2 Bd7 36. Ne2 Rc8 37. Rxc8 Bxc8 38. Bd4 g6 39. Nc3 Nxc3 40. Bxc3 b5
1/2-1/2

[Event "EU-Cup 29th"]
[Site "Rhodes"]
[Date "2013.10.26"]
[Round "7.1"]
[White "Jobava, Baadur"]
[Black "Grischuk, Alexander"]
[Result "0-1"]
[WhiteElo "2694"]
[BlackElo "2786"]
[Annotator "Szabo,Kr"]
[PlyCount "76"]
[EventDate "2013.10.20"]
[EventType "team-swiss"]
[EventRounds "7"]
[EventCountry "GRE"]
[SourceTitle "CBM 157"]
[Source "ChessBase"]
[SourceDate "2013.11.12"]
[SourceVersion "1"]
[SourceVersionDate "2013.11.12"]
[SourceQuality "1"]
[WhiteTeam "Rostov"]
[BlackTeam "Malachite Sverdlovsk Region"]
[WhiteTeamCountry "RUS"]
[BlackTeamCountry "RUS"]

1. e4 c5 2. Nf3 Nc6 3. Be2 {A rare move. White avoids the main lines, he
doesn' want to face with Black's preaparation.} Nf6 4. d3 ({79 years ago
Romanovsky played} 4. Nc3 {against the 6th World Champion.} d5 5. e5 Nd7 6.
Nxd5 Ndxe5 7. Nxe5 Nxe5 8. d4 Qxd5 9. dxe5 Qxd1+ 10. Bxd1 Bf5 11. Bf3 O-O-O $11
{Romanovsky-Botvinnik, Leningrad 1934.}) 4... g6 5. Nbd2 Bg7 6. a3 $146 (6. c3
d5 7. Qc2 O-O 8. Nf1 (8. O-O) 8... c4 $5 (8... d4 9. Ng3 dxc3 10. bxc3 b6 11.
O-O e5 12. Rd1 Qe7 13. Bg5 h6 14. Bxf6 Bxf6 15. Nf1 Be6 16. Ne3 Qd7 17. Rd2
Rfd8 $13 {Facchetti-Nikcevic, Verona 1999}) 9. Ng3 cxd3 10. Bxd3 Bg4 11. Be2
Bxf3 12. Bxf3 d4 {and Black looks nicely placed.}) 6... O-O 7. Rb1 a5 8. a4 d5
9. O-O e5 {We are arising an Old Indian variation with opposite colours.} 10.
exd5 (10. Re1 {is the other system.}) 10... Nxd5 11. Re1 h6 (11... Be6 12. Nc4
h6 {is similar like the game.}) 12. Bf1 Be6 13. c3 Qc7 14. Nc4 Rad8 {Now Black
is threatening with Nxc3.} 15. Nfd2 Rfe8 16. g3 f5 17. Na3 Qf7 {Grischuk
played many natural and healthy moves, he gained the centre too and he is
ready for the attack on the kingside.} 18. Qc2 g5 (18... e4 $5 {was an
interesting alternative} 19. dxe4 fxe4 20. Rxe4 (20. Nxe4 Ndb4 $1 {and White
is in a big trouble}) 20... Bf5 (20... Kh7 $5) 21. Rxe8+ Rxe8 22. Qd1 (22. Bd3
$2 Re1+ 23. Kg2 Ne5 24. Bxf5 Nf4+ 25. gxf4 gxf5 $19) 22... Bxc3 $1 {and
White's position is not enviable.}) 19. Nb5 Re7 (19... f4 {is too early, as}
20. Ne4) 20. b3 ({In case of} 20. Nc4 {Black already can play} f4 ({or even} 
20... Red7 {.}) 21. Nbd6 Qh5 {and Black can continue his dangerous attack.})
20... Red7 (20... e4 $1 {was the strongest reply} 21. Ba3 (21. dxe4 fxe4 22.
Nxe4 Ne5 $1 $17 {and White's position is hopeless}) 21... Red7 22. Bxc5 exd3
23. Qc1 f4 $36 {and Black has a very dangerous initiative.}) 21. Ba3 b6 ({
Even also here} 21... e4 $1 {was a strong move, and it is transposing to the
previous line.}) 22. Nc4 Qg6 $6 {Another preparing move, but I Black was
already ready to start the attack.} (22... f4 {was the correct} 23. Rbd1 (23.
Bg2 f3 {is too unpleasant for White}) 23... Qh5 $40 {with a strong play.}) 23.
Bg2 Bf7 (23... f4 24. Be4) 24. Rbd1 Kh8 25. h3 {Jobava prepares for Kh2, but
this move creates some weaknesses in White's kingside.} (25. Bb2) (25. Bc1)
25... h5 26. Kh2 $6 {After this harmless move White's position will be very
difficult.} (26. Bxd5 Bxd5 27. Nxb6 Nb4 28. cxb4 Qxb6 29. bxc5 Qc6 $44) (26.
Qe2 h4 27. Bxd5 Rxd5 28. Nxb6 g4 $1 29. hxg4 (29. Nxd5 Bxd5 {with a huge
initiative for Black}) 29... fxg4 30. Qe4) 26... h4 27. gxh4 $6 {An inaccuracy,
because this is allowing Black's strong answer.} (27. Bc1) 27... Nf4 $1 28. Rg1
e4 ({The natural} 28... Rxd3 $1 $19 {was easier with many many threats in
White's position.}) 29. dxe4 Nxg2 30. Rxd7 Rxd7 31. Kxg2 (31. Nxb6 Bxb3 $3 {
A brilliant diversion move.} 32. Qxb3 Rd3 $1 33. Rxg2 Qh5 $1 $19) 31... fxe4
32. Nxb6 Rd3 33. Qe2 Ne5 34. Bxc5 Nf3 35. h5 Qf5 36. Be3 Bxh5 37. Nd4 Nh4+ 38.
Kh2 Qe5+ {A great win by Grischuk!} 0-1

[Event "EU-chT (Men) 19th"]
[Site "Warsaw"]
[Date "2013.11.09"]
[Round "2.1"]
[White "Solak, Dragan"]
[Black "Grischuk, Alexander"]
[Result "1-0"]
[WhiteElo "2618"]
[BlackElo "2785"]
[Annotator "Szabo,Kr"]
[PlyCount "73"]
[EventDate "2013.11.08"]
[EventType "team-swiss"]
[EventRounds "9"]
[EventCountry "POL"]
[SourceTitle "CBM 158"]
[Source "ChessBase"]
[SourceDate "2014.01.16"]
[SourceVersion "1"]
[SourceVersionDate "2014.01.16"]
[SourceQuality "1"]
[WhiteTeam "Turkey"]
[BlackTeam "Russia"]
[WhiteTeamCountry "TUR"]
[BlackTeamCountry "RUS"]

1. e4 c5 2. Nf3 Nc6 3. Bb5 e6 4. Bxc6 (4. O-O {is another main line.}) 4...
bxc6 5. d3 Ne7 6. h4 ({Last year in the World Championship match Anand chose} 
6. b3 d6 (6... Ng6 $5) 7. e5 Ng6 8. h4 Nxe5 (8... dxe5 $6 9. h5 Nf4 10. g3 $14)
9. Nxe5 dxe5 10. Nd2 c4 $1 11. Nxc4 Ba6 12. Qf3 Qd5 13. Qxd5 cxd5 14. Nxe5 f6
15. Nf3 e5 $13 {and later drew, Anand-Gelfand, Moscow Wch m/12 2012.}) 6... Qc7
{A typical and natural move in this line.} (6... h5 7. Qe2 f6 8. e5 fxe5 9.
Qxe5 Nf5 10. Bg5 Be7 11. Nbd2 d6 12. Bxe7 Qxe7 13. Qe4 Rb8 14. O-O-O O-O 15. c3
Qb7 16. b3 a5 17. Ng5 a4 18. f3 Qa6 19. Qxa4 Qxa4 20. bxa4 Ne3 $15 {and Black
has a promising position, Meshkov-Radjabov, Khanty-Mansiysk 2010.}) (6... d6 {
Sergey Zhigalko has played this with both colours,} 7. h5 e5 8. h6 Bg4 9. Na3 (
9. Bg5 gxh6 10. Bxh6 Bxh6 11. Rxh6 Ng6 12. Nbd2 Rb8 13. b3 O-O 14. Qe2 Nf4 15.
Qf1 f5 $132 {with a double-edged fight, Areshchenko-S.Zhigalko, Warsaw 2013.})
9... d5 10. Rh4 {An imaginative R move still in the opening.} Qc8 11. exd5 Ng6
12. Rxg4 Qxg4 13. dxc6 Rc8 14. Nc4 Qxg2 15. hxg7 Bxg7 16. Nd6+ Ke7 17. Nxc8+
Rxc8 {with a very sharp play, S.Zhigalko-Shirov, Rhodes 2013.}) 7. h5 e5 $146 {
A novelty by Grischuk. He isn't afraid of the uncomfortable looking h6.} ({
Before} 7... h6 {was tried} 8. e5 f6 9. Qe2 fxe5 10. Nxe5 d6 11. Nf3 e5 12. Nh4
Nf5 13. Ng6 Rg8 14. c3 Be6 15. Nd2 O-O-O 16. Nf3 Qf7 17. O-O Ne7 18. Nfh4 {
with un uclear fight, but White's position looks more powerful, Narings-Ansell,
Amsterdam 2005.}) 8. Nbd2 ({Nevertheless} 8. h6 $5 {was an interesting
alternative} g6 9. Nc3 ({or} 9. Nbd2) 9... d6 {and thanks o Black's flexible P
stucture, his position is stable.}) 8... f6 9. Nh4 {A typical move, White
prepares for Qf3 then sometimes Nf5.} g5 $5 {Grischuk immediately responds to
this plan.} (9... d5 10. Qf3) 10. Nhf3 (10. hxg6 $6 {is only help for Black,}
hxg6 {and White is in an unpleasant pin.}) 10... d6 11. Nf1 (11. Nc4 Be6 12.
Ne3 {is similar to the game.}) 11... h6 {At first sight this is a strange move,
but Black is preparing for f5, so he protects the g5 P.} 12. Ne3 f5 {A very
unusual middlegame. Both players are struggling with the lack of development,
however Black's position looks more flexible.} 13. g4 $5 {An original idea,
White would like to close the position as much as possible, because this is
favorouble for his Ns.} fxg4 14. Nh2 Bg7 15. Nexg4 {Frees the e3 square for
the B.} (15. Nhxg4 O-O {and Black is fine.}) 15... O-O 16. Be3 Be6 17. Qd2 {
Solak creates some dangerous threats against the g5 P.} Kh8 18. O-O-O Ng8 19.
c4 Qe7 {Logical defending moves, Grischuk prevents all sacrifices, now his K
is safe.} 20. Qe2 d5 {He immediately bombs the centre.} (20... Rab8 {was also
possible.}) 21. Bd2 dxc4 22. dxc4 Qf7 23. Bc3 Bxc4 24. Qe3 Rae8 25. b3 Bb5 26.
Rd6 {Suddenly the position has become very sharp.} (26. Qxc5) 26... Qxh5 ({
The computer suggests} 26... c4 $1 27. Kb2 (27. b4 $5) 27... cxb3 28. axb3 a5
$1 {and suddenly the white K can also be in trouble.}) 27. Rg1 Qf7 (27... Nf6)
28. Qxc5 Qf4+ 29. Kb2 h5 30. Rh1 Qxe4 31. f3 Qf4 32. a4 $6 {An inaccuracy, but
by human measure, this is a very difficult position.} (32. Rd7 Rf7 33. Rxf7
Qxf7 34. Nxe5 Qd5 35. Qxd5 cxd5 36. Nhg4 $1 Nf6 {finally the picture is
starting to clear, the endgame is nearly equal.}) 32... Be2 $6 (32... Bxa4 $1 {
was the strongest reply} 33. bxa4 Rb8+ 34. Ka3 Qf7 $1 35. Bb4 Rfe8 $1 {
followed by Rxb4 then Bf8!}) 33. Rg6 $1 {From the practical point of view,
this was the best move. Now White has many dangerous threats around the black
K.} Nf6 $4 {The decisive mistake, probably in time trouble. After this Black
loses immediately.} (33... Re7 34. Rxg7 Kxg7 35. Nxe5 Rf6 36. Nxc6 Rc7 37. Qd5
{with a completely confusing position, but after} Qe3 {maybe Black can survive.
}) 34. Nxe5 (34. Qxa7 $1 {was the best reply, but the text move is also
winning.}) 34... Kh7 35. Nhg4 Bxf3 36. Rxg7+ Kxg7 37. Qxa7+ {A great fight!}
1-0

[Event "EU-chT (Men) 19th"]
[Site "Warsaw"]
[Date "2013.11.11"]
[Round "4.1"]
[White "Ragger, Markus"]
[Black "Grischuk, Alexander"]
[Result "0-1"]
[WhiteElo "2672"]
[BlackElo "2785"]
[Annotator "Sumets,A"]
[PlyCount "98"]
[EventDate "2013.11.08"]
[EventType "team-swiss"]
[EventRounds "9"]
[EventCountry "POL"]
[SourceTitle "CBM 158"]
[Source "ChessBase"]
[SourceDate "2014.01.16"]
[SourceVersion "1"]
[SourceVersionDate "2014.01.16"]
[SourceQuality "1"]
[WhiteTeam "Austria"]
[BlackTeam "Russia"]
[WhiteTeamCountry "AUT"]
[BlackTeamCountry "RUS"]

1. d4 Nf6 2. c4 g6 3. Nc3 d5 4. cxd5 Nxd5 5. Bd2 Nb6 6. e4 Bg7 7. Be3 O-O 8. h3
e5 9. d5 $5 {A side line which might become a popular one. White puts off
developing his king side but he has control over the centre.} (9. Nf3 {The
main line} exd4 10. Bxd4 Nc6 (10... Bxd4 {For this line see the games Anand,V
- Svidler, P Moscow 2009 and Sokolov, I- Eljanov, P EU-ChT 2005, which were
annotated by M, Krasenkow} 11. Qxd4) 11. Bxg7 Kxg7 12. Bb5 Qxd1+ 13. Rxd1 Bd7
14. O-O Rfd8 15. Nd5 Nxd5 16. Rxd5 a6 17. Ba4 Be8 18. Rc1 Rac8 19. Kh2 Kf8 20.
Rdc5 Rd6 21. Bb3 $14 {Berkes,F (2678)-Grigoriants,S (2576) Mamaia ROU 2013 1/2
(42). This position is assessed as better for White.}) (9. dxe5 {seems to be a
harmless line:} Bxe5 (9... Qxd1+ $5 10. Rxd1 Bxe5 11. Nf3 Bxc3+ 12. bxc3 Be6
$13) 10. Qc2 Nc6 11. Nf3 Bg7 12. Be2 Nb4 13. Qb1 Qe7 14. O-O Be6 15. a3 Nc6 16.
Qc2 Rfe8 17. Nb5 $2 (17. Rfd1 Rad8 18. Bg5 f6 19. Rxd8 Rxd8 20. Bf4 $14) 17...
a6 18. Nc3 Bc4 $1 19. Bxc4 Nxc4 20. Bg5 Nd4 21. Nxd4 Qxg5 $15 {Evdokimov,A 
(2564)-Svidler,P (2750) Dagomys RUS-ChT 2010 0-1 (41)}) 9... c6 10. Qb3 cxd5
11. exd5 e4 {I wouldn't recommend this move. As we can see, the outcome of the
opening was disastrous for Black, so he has to find an improvement. I guess
Black might find it in the lines 11...Na6 or 11...Nd7:} (11... Na6 $5 12. Rd1
Bd7 13. Nf3 Rc8 (13... e4 $5 14. Ng5 (14. Nxe4 $4 Ba4 15. Bxb6 Qd7 $1 $19)
14... Nc5 15. Bxc5 Qxg5 16. Bxf8 Bxf8 $44) 14. Bxa6 $6 bxa6 15. O-O Nc4 16. Nd2
Nxe3 17. fxe3 Qb6 18. Qxb6 axb6 $15 {Moskalenko,V (2511)-Vidarte Morales,A 
(2407) Badalona 2001 1/2 (26)}) (11... N8d7 12. a4 Nf6 (12... f5 $5 13. a5 f4
14. d6+ Kh8 15. Bd2 Nc5 16. Qa3 Nbd7 17. Nd5 Qg5 $13) 13. Rd1 Bd7 14. Nf3 (14.
a5 $6 {is very dangerous for White:} Nc8 15. Qxb7 Nd6 16. Qb4 Nf5 17. Nf3 Re8
$40) 14... Re8 15. Be2 (15. a5 $5 Nc8 16. d6 Be6 17. Qb4 (17. Qxb7 $6 Nxd6 $132
) 17... Bf8 $6 (17... b6 $5 18. Bb5 bxa5 19. Qa3 Bd7 20. O-O $14) 18. Ng5 Bxd6
19. Nxe6 fxe6 (19... Rxe6 $2 20. Qxb7 $18 Rb8 21. Qxb8) 20. Qxb7 Rb8 21. Qxb8
Bxb8 22. Rxd8 Rxd8 23. Bg5 $16) 15... Qb8 16. O-O Nc8 17. Rc1 Nd6 18. Nb5 Bxb5
19. Bxb5 Nxb5 20. Qxb5 Ne4 $6 (20... e4 $1 21. Nd2 Rd8 22. Qb3 Nxd5 23. Bg5 Bf6
24. Nxe4 Bxg5 25. Nxg5 $11) 21. a5 $14 {Rombaldoni,D (2465)-Pribyl,J (2372)
Pardubice 2009 1-0 (42)}) 12. Rd1 N8d7 (12... Bd7 $5 13. Nge2 Na6 14. Nf4 Re8
15. d6 $1 (15. Be2 $6 Rc8 16. Qa3 Nc4 $6 (16... Na4 $1 17. Nxa4 Qa5+ 18. Kf1
Qxa4 19. Qxa4 Bxa4 20. b3 Bd7 $15) 17. Bxc4 Rxc4 18. O-O Qc8 $6 19. d6 Be5 20.
Ncd5 $16 {Hambleton, A (2480)-Kleinman,M (2298) Ottawa CAN 2013 1-0 (27)})
15... Rc8 16. Qa3 Bc6 17. Be2 Be5 18. O-O Kg7 19. Qb3 Qd7 20. Nb5 $16 {Das,S 
(2366)-Pranav,V (2239) Bhopal IND 2013 1-0 (27)}) 13. Nge2 Ne5 ({Probably
Black should have tried} 13... Re8 $5 14. Ng3 (14. Nd4 $6 Nc5 $1 15. Qb5 (15.
Qc2 $2 Nxd5 16. Nb3 $2 Nb4 $19) 15... Bf8 16. Nb3 (16. Ne6 fxe6 17. Bxc5 Bd7
18. Qa5 Nxd5 19. Qxd8 Raxd8 20. Nxd5 exd5 21. Bxf8 Kxf8 22. Rxd5 Be6 23. Rxd8
Rxd8 24. b3 Rd5 $15) 16... Bd7 17. Qa5 Nd3+ 18. Bxd3 exd3 19. Rxd3 Qc8 $40)
14... Ne5 15. Bb5 Nd3+ (15... Bd7 16. O-O $14) 16. Bxd3 exd3 17. Rxd3 Nd7 18.
O-O Ne5 19. Rd2 Bxh3 20. Nce4 $14 {The position is double edged but here I
would prefer the white pieces.}) 14. Nd4 Re8 15. Bb5 Nd3+ 16. Bxd3 exd3 17.
Rxd3 Qh4 18. O-O $16 {After the opening Black is in great trouble. It is hard
to offer him any good advice, and so A. Grischuk decided on a desperate
sharpening of the play and eventually he succeeded.} Bxh3 19. gxh3 Rxe3 $8 {
The only way to keep the pressure.} (19... Qxh3 20. Qd1 Nc4 21. Bf4 $18) 20.
Nf3 $1 Rxf3 21. Rxf3 Nc4 ({Probably A. Grischuk could have tried} 21... Qh5 $5
22. Kg2 Bxc3 23. bxc3 Qg5+ (23... Nxd5 24. Qxb7 Rf8 25. Re1 $18) 24. Rg3 Qxd5+
25. Qxd5 Nxd5 26. Rd1 $16 {I think that White would win the endgame.}) 22. Qxb7
Rf8 23. Rd1 {White has a significant material advantage and the position must
be assessed as winning for White. However, when you play a game over the board
and your opponent's Elo is about 2800, anything can happen.} ({The computer
recommends} 23. Re1 $5 Ne5 24. Rfe3 Qg5+ 25. Kh1 Nc4 26. Rg3 Qf4 27. Kg2 $18)
23... Qh5 24. d6 Nd2 25. Kg2 ({I believe that it would be more accurate to
give away the other rook:} 25. Rxd2 $1 Qg5+ 26. Kf1 Qxd2 27. d7 Qc1+ (27... Rd8
28. Nd5 Bxb2 29. Qc7 $18) 28. Kg2 Qg5+ 29. Rg3 Qd2 30. Re3 Bd4 31. Ne4 Qc2 32.
Rf3 $18) 25... Nxf3 26. Qxf3 Qg5+ 27. Qg4 (27. Qg3 $5 Qxg3+ 28. fxg3 Rd8 $16)
27... Qc5 28. d7 {The strong d-pawn insures White against everything bad.} Rd8
29. Qe4 $6 (29. Nd5 $1 {The right assessment is between 'White has a big
advantage' and 'White's position is winning'.} Qc6 (29... Bxb2 30. Qb4 $18) (
29... a5 30. b4 axb4 31. Qxb4 Qc6 32. Qe7 Qa8 33. a4 $18) 30. Qe4 Kh8 31. Nc3
Qxe4+ 32. Nxe4 $18) 29... Kf8 30. Rd5 Qc6 (30... Qe7 31. Qc4 Qe6 32. Qc5+ Kg8
33. Rd2 a6 34. Nd5 $16) 31. Qb4+ Kg8 32. Qb5 Qe6 33. Qd3 Kf8 34. Rd6 Qe5 35.
Ne4 Qxb2 36. Nc5 Be5 37. Rd5 Bc7 38. Qf3 Qb6 39. Ne4 h6 40. Qc3 Qe6 41. Qc5+ $6
({He could have won relatively easily after} 41. Qxc7 $1 Qxe4+ 42. Kg3 Qe7 (
42... Qxd5 43. Qxd8+ Kg7 44. Qe7 Qd3+ 45. f3 Qd1 46. d8=Q Qg1+ 47. Kf4 Qc1+ 48.
Qe3 g5+ 49. Ke4 Qc6+ 50. Qd5 $18) 43. Qxa7 Qe1 44. Qc5+ Kg8 45. Kh2 $18) 41...
Kg7 42. Qd4+ $6 (42. Qc3+ $1 Kf8 (42... f6 43. Nxf6 Qxf6 44. Qxc7 $18) 43. Qxc7
$18 {See the annotations to 41st move.}) 42... Kf8 43. Nf6 $6 Bb6 $1 {And the
position became complicated.} 44. Qh4 $2 (44. Qc3 $1 {The only way to maintain
the advantage} Qe2 (44... Ke7 45. Rd1 $1 (45. Qb4+ $4 Kxf6 46. Rd6 Rxd7 $11)
45... Kf8 46. Re1 $18) 45. Rd2 Qe6 46. Kf1 $1 {threatening Re2} Ba5 $8 47. Qa3+
Kg7 48. Ne8+ Kg8 49. Qxa5 Qxh3+ 50. Ke2 $18 (50. Ke1 $4 Qh1+ 51. Ke2 Qe4+ 52.
Kd1 Qb1+ $11)) 44... Kg7 $1 45. Rd6 $6 (45. Ne8+ $1 Kg8 46. Kf1 Rxe8 $8 47.
dxe8=Q+ Qxe8 $44 {White is still better, but his king is weak and the way to
victory, if it exists, will be very long.}) 45... Qf5 (45... Qxd6 $4 46. Ne8+)
46. Ne8+ Kf8 47. Qxh6+ (47. Rxb6 $1 {leads to a draw, White has no more than a
draw.} axb6 48. Qxd8 Qe4+ 49. Kg3 Qe5+ 50. f4 Qe3+ 51. Kg2 Qe2+ $11) 47... Ke7
48. Rf6 $4 {As a result of excellent preparation, Markus Ragger could have won
the game many times, but eventually he made a blunder and even lost it.} (48.
Rd2 Qe4+ (48... Rxd7 $2 49. Re2+ Kd8 50. Nf6 Qxf6 51. Qf8+ Kc7 52. Rc2+ Qc6+
53. Rxc6+ $16) 49. f3 Be3 50. Re2 Bxh6 51. Rxe4+ Kxd7 52. Nf6+ Kd6 53. h4 $11)
48... Qxd7 $19 49. Rd6 Qxe8 0-1